| 000 | 00463cam a2200181ua 4500 | ||
|---|---|---|---|
| 001 | 6002 | ||
| 008 | 131030n ii |||gr||||Z||||||eng | ||
| 040 | _cMAIN | ||
| 082 | _a973.03 | ||
| 100 |
_aMorris,Richard M, _eEditor. |
||
| 245 | _aEncyclopedia of American History | ||
| 250 | _a1st Indian Reprint. | ||
| 260 |
_aDelhi: _bUniversal Book Stall, _c1965. |
||
| 300 | _axi,809p. | ||
| 653 | _aHistory | ||
| 653 | _aEncyclopedia of American History | ||
| 942 | _cBK | ||
| 999 |
_c5156 _d5156 |
||